ACC College Football Teams - Statistics

General Stats
  • This quiz has been taken 2,753 times
    2,510 since last reset
  • The average score is 15 of 17
Answer Stats
School Team Name/Color % Correct
Duke Blue Devils
97%
North Carolina Tar Heels
97%
Florida State Seminoles
96%
Miami Hurricanes
95%
Clemson Tigers
94%
NC State Wolfpack
91%
Georgia Tech Yellow Jackets
90%
Boston College Eagles
89%
Virginia Cavaliers
89%
California Golden Bears
88%
Syracuse Orange
88%
SMU Mustangs
87%
Virginia Tech Hokies
84%
Louisville Cardinals
83%
Pittsburgh Panthers
82%
Wake Forest Demon Deacons
81%
Stanford Cardinal
74%
No matching quizzes found
Score Distribution
Percent of People with Each Score
Percentile by Number Answered
Your Score History
You have not taken this quiz since the last reset